|
|
|
|
| LEADER |
01267nam a2200397 4500 |
| 001 |
DLU110120272 |
| 005 |
##20110422 |
| 008 |
##010511s2001 enk 001 0 eng d |
| 010 |
# |
# |
|a 2001269254
|
| 015 |
# |
# |
|a GBA0-U9337
|
| 020 |
# |
# |
|a 0521626374
|
| 020 |
# |
# |
|a 0521626463 (pbk.)
|
| 035 |
# |
# |
|a (OCoLC)ocm45580857
|
| 040 |
# |
# |
|a UKM
|c UKM
|d DLC
|
| 042 |
# |
# |
|a lccopycat
|
| 082 |
# |
# |
|a 418.002 85
|b CH-C
|
| 100 |
# |
# |
|a Chapelle, Carol.
|
| 245 |
# |
# |
|a Computer applications in second language acquisition :
|b foundations for teaching, testing and research /
|c Carol A. Chapelle.
|
| 260 |
# |
# |
|a Cambridge :
|b Cambridge University Press,
|c 2001.
|
| 300 |
# |
# |
|a xvii, 215 p. ;
|c 24 cm.
|
| 440 |
# |
# |
|a The Cambridge applied linguistics series
|
| 504 |
# |
# |
|a Includes bibliographical references and index.
|
| 650 |
# |
# |
|a Applied linguistics.
|
| 650 |
# |
# |
|a English language
|x Study and teaching
|x Computer-assisted instruction for foreign speakers.
|
| 650 |
# |
# |
|a Second language acquisition
|x Computer-assisted instruction.
|
| 923 |
# |
# |
|a 01/2011NN
|
| 991 |
# |
# |
|a SH
|
| 992 |
# |
# |
|a 321000
|
| 994 |
# |
# |
|a KNN
|
| 900 |
# |
# |
|a True
|
| 911 |
# |
# |
|a Đào Thị Thu Huyền
|
| 925 |
# |
# |
|a G
|
| 926 |
# |
# |
|a A
|
| 927 |
# |
# |
|a SH
|
| 980 |
# |
# |
|a Thư viện Trường Đại học Đà Lạt
|